000
00308nam a2200145Ia 4500
100
_a
Abbey M/ Corey/M.J.
942
_c
BK
654
_a
computer
245
_a
Oracle 8 : Beginners guide
260
_b
Oracle Press
_c
1997
082
_a
005.13(O)
_b
ABB
300
_a
767
546
_a
ENGLISH
999
_c
18574
_d
18574